Integrované posudzovanie vplyvov rozvojových zámerov a stratégií

Guardado en:
Detalles Bibliográficos
Autor principal: Majerník, Milan, 1952-
Autores Corporativos: Ekonomická univerzita v Bratislave. Podnikovohospodárska fakulta so sídlom v Košiciach, Žilinská univerzita v Žiline. Fakulta prevádzky a ekonomiky dopravy a spojov
Otros Autores: Daneshjo, Naqibullah, 1964-, Štofková, Zuzana, Hronec, Ondrej, Dirner, Vojtech, Ladomerský, Juraj
Formato: Libro
Lenguaje:eslovaco
Publicado: Košice Typopress 2016
Edición:1. vyd.
Colección:Edícia vedeckej a odbornej literatúry
Materias:
Etiquetas: Agregar Etiqueta
Sin Etiquetas, Sea el primero en etiquetar este registro!

MARC

LEADER 00000nam a2200000 4500
001 0215500
005 20240502073608.7
020 |a 978-80-8129-048-0 
041 0 |a slo 
044 |a SK 
245 1 0 |a Integrované posudzovanie vplyvov rozvojových zámerov a stratégií  |c Milan Majerník, Naqib Daneshjo, Zuzana Štofková ; recenzenti: Ondrej Hronec, Vojtech Dirner, Juraj Ladomerský 
250 |a 1. vyd. 
264 1 |a Košice  |b Typopress  |c 2016 
300 |a 225 s. [10,76 AH] 
490 1 |a Edícia vedeckej a odbornej literatúry 
830 0 |a Edícia vedeckej a odbornej literatúry 
610 2 0 |a politika environmentálna 
610 2 0 |a rozvoj trvalo udržateľný 
610 2 0 |a prostredie životné 
610 2 0 |a ochrana prostredia životného 
100 1 |a Majerník, Milan, 1952- 
700 1 |a Daneshjo, Naqibullah, 1964- 
700 1 |a Štofková, Zuzana 
700 1 |a Hronec, Ondrej 
700 1 |a Dirner, Vojtech 
700 1 |a Ladomerský, Juraj 
710 2 |a Ekonomická univerzita v Bratislave. Podnikovohospodárska fakulta so sídlom v Košiciach 
710 2 |a Žilinská univerzita v Žiline. Fakulta prevádzky a ekonomiky dopravy a spojov